[Event "SVK-ch int (Women)"]
[Site "Ziar nad Hronom"]
[Date "1996.??.??"]
[Round "1"]
[White "Kozlova, Olga"]
[Black "Hagarova, Zuzana"]
[Result "1-0"]
[WhiteElo "2170"]
[BlackElo "2295"]

1.e4 e6 2.d4 d5 3.Nc3 Nf6 4.e5 Nfd7 5.Nf3 c5 6.dxc5 Bxc5 7.Bd3 Nc6 8.Bf4 h6
9.O-O g5 10.Bg3 g4 11.Nd2 Qg5 12.Na4 Bd4 13.Bb5 Bxe5 14.f4 Bd4+ 15.Kh1 Qg7
16.Nb3 Bf6 17.f5 O-O 18.Bd6 Re8 19.c3 a6 20.Be2 h5 21.fxe6 fxe6 22.Nbc5 Nxc5
23.Bxc5 Be7 24.Bg1 Rd8 25.Nb6 Rb8 26.Bd3 e5 27.Nxc8 Rbxc8 28.Bf5 Ra8 29.Be6+ Kh8
30.Bxd5 Bf6 31.Bb6 Rd7 32.Qb3 Rf8 33.Rad1 Ne7 34.Be6 Rxd1 35.Qxd1 Qh6 36.Qd7 Bg5
37.Rxf8+ Qxf8 38.Qd8 Qxd8 39.Bxd8 Kg7 40.Kg1 Kf8 41.Kf1 Be3 42.Bc7 Bf4 43.g3 Bc1
44.b3 e4 45.Ke2 Bg5 46.Be5 Ke8 47.Bf4 Bf6 48.c4 Bd4 49.Be3 Bf6 50.Bb6 Bg5
51.b4 Kf8 52.b5 Kg7 53.bxa6 bxa6 54.c5 Kf6 55.Bc4 Ke5 56.Bf7 Nc6 57.Be8 Nd4+
58.Kd1 Kd5 59.Bxh5 Nf5 60.Bf7+ Kd4 61.c6+ Kd3 62.c7 Nd6 63.Be6 e3 64.Bd7 Nc8
65.Ba5 Nd6 66.c8=Q Nxc8 67.Bxc8  1-0

[Event "Cologne op"]
[Site "Cologne"]
[Date "1997.03.31"]
[Round "3"]
[White "Morawietz, Dieter"]
[Black "Goy, Udo"]
[Result "1-0"]
[WhiteElo "2430"]
[BlackElo "2190"]

1.e4 e6 2.d4 d5 3.Nc3 Nf6 4.e5 Nfd7 5.f4 c5 6.Nf3 Nc6 7.Be3 a6 8.Qd2 cxd4
9.Nxd4 Bc5 10.O-O-O O-O 11.h4 Bxd4 12.Bxd4 b5 13.h5 Qa5 14.Kb1 b4 15.Ne2 Rb8
16.Rh3 Nc5 17.Bxc5 Qxc5 18.Rg3 f6 19.h6 g6 20.exf6 Rxf6 21.Re3 Bd7 22.g3 a5
23.Nc1 Qf8 24.Nd3 a4 25.Nf2 a3 26.Ng4 Rf7 27.b3 Qc5 28.Bg2 Rc8 29.Re2 Rff8
30.Qe3 d4 31.Qd2 Qf5 32.Ne5 Rfd8 33.Bxc6 Bxc6 34.Qxb4 Be4 35.Qe7 Bxc2+ 36.Ka1 Qf8
37.Qxe6+ Kh8 38.Nf7+ Kg8 39.Nxd8+ Kh8  1-0

[Event "Politiken Cup"]
[Site "Copenhagen"]
[Date "1997.07.08"]
[Round "4"]
[White "Gikas, Basilius"]
[Black "Dickenson, Neil F"]
[Result "0-1"]
[WhiteElo "2145"]
[BlackElo "2310"]

1.e4 e6 2.d4 d5 3.Nc3 Nf6 4.e5 Nfd7 5.f4 c5 6.Nf3 Nc6 7.Be3 cxd4 8.Nxd4 Bc5
9.Qd2 O-O 10.O-O-O a6 11.h4 Qc7 12.Qf2 Nxd4 13.Bxd4 b5 14.Bd3 b4 15.Ne2 a5
16.Bb5 Bxd4 17.Qxd4 Nc5 18.Kb1 Ba6 19.Bxa6 Rxa6 20.g4 Ne4 21.Rh2 Rc8 22.Rc1 Rc6
23.Qd3 a4 24.Nd4 Rc4 25.g5 Qb6 26.Ne2 Qa5 27.h5 b3 28.c3 Nc5 29.Qd1 bxa2+
30.Kxa2 Nb3 31.Rb1 Rb8 32.g6 fxg6 33.hxg6 h6 34.Qc2 d4 35.Qd3 Qd5 36.Ka3 Nc5
37.Qd2 d3 38.Nd4 Rxd4  0-1

[Event "Politiken Cup"]
[Site "Copenhagen"]
[Date "1997.07.10"]
[Round "6"]
[White "Gunnarsson, Jon Viktor"]
[Black "Thorhallsson, Throstur"]
[Result "1/2-1/2"]
[WhiteElo "2315"]
[BlackElo "2510"]

1.e4 e6 2.d4 d5 3.Nc3 Nf6 4.e5 Nfd7 5.f4 c5 6.Nf3 Qb6 7.Be3 a6 8.Na4 Qa5+
9.c3 cxd4 10.b4 Qc7 11.Bxd4 a5 12.a3 Nc6 13.b5 Nxd4 14.cxd4 Be7 15.Bd3 O-O  1/2-1/2

[Event "MK Cafe op-A"]
[Site "Koszalin"]
[Date "1997.08.04"]
[Round "2"]
[White "Brustman, Agnieszka"]
[Black "Luther, Thomas"]
[Result "1/2-1/2"]
[WhiteElo "2380"]
[BlackElo "2525"]

1.e4 e6 2.d4 d5 3.Nc3 Nf6 4.e5 Nfd7 5.f4 c5 6.Nf3 Nc6 7.Be3 cxd4 8.Nxd4 Bc5
9.Qd2 O-O 10.O-O-O a6 11.h4 Nxd4 12.Bxd4 b5 13.Rh3 Bb7 14.g4 b4 15.Ne2 a5
16.g5 Ba6 17.h5 Bxe2 18.Bxe2 Qc7 19.Kb1 Rfc8 20.Rc1 Qb6 21.Bxc5 Nxc5 22.Bd3 Nxd3
23.Rxd3 Rc4 24.g6 Rac8 25.gxf7+ Kxf7 26.Rg3 Kf8 27.f5 Qd4 28.Qxd4 Rxd4 29.f6 gxf6
30.Rcg1 Re8 31.Rg8+ Ke7 32.R8g7+ Kf8 33.Rg8+ Ke7 34.R8g7+ Kf8 35.exf6 Rf4
36.Rxh7 Rxf6 37.h6 Rf7 38.Rhg7 Ke7 39.Kc1 Rh8 40.Rxf7+ Kxf7 41.Rg7+ Kf6 42.Ra7 Rxh6
43.Rxa5 Ke5 44.Rb5 Rh4 45.Kd2 Rd4+ 46.Ke3 Re4+ 47.Kd3 Kd6 48.Rb8 e5 49.Rd8+ Kc6
50.Rc8+ Kd7 51.Rh8 Rd4+ 52.Ke3 Rc4 53.Kd3 Rd4+  1/2-1/2

[Event "BCF-ch"]
[Site "Hove"]
[Date "1997.08.05"]
[Round "2"]
[White "Gallagher, Joseph G"]
[Black "Ryan, Joseph"]
[Result "1-0"]
[WhiteElo "2525"]
[BlackElo "2245"]

1.e4 e6 2.d4 d5 3.Nc3 Nf6 4.e5 Nfd7 5.f4 c5 6.Nf3 Nc6 7.Be3 cxd4 8.Nxd4 Bc5
9.Qd2 Bxd4 10.Bxd4 Nxd4 11.Qxd4 Qb6 12.Nb5 Qxd4 13.Nxd4 a6 14.h4 h5 15.Rh3 Nb8
16.Rg3 g6 17.Nf3 Nc6 18.Ng5 Bd7 19.O-O-O Ke7 20.c4 Rac8 21.Kb1 Rhd8 22.cxd5 exd5
23.a3 Bg4 24.Rd2 d4 25.Ne4 Bf5 26.Bd3 Bxe4 27.Bxe4 Rd7 28.Rgd3 Rcd8 29.Rc2 Rc7
30.Rc4 Rdc8 31.g3 Ke6 32.Rd1 b5 33.Rc2 a5 34.Rdc1 Kd7 35.e6+ fxe6 36.Bxg6 Ne7
37.Rxc7+ Rxc7 38.Rxc7+ Kxc7 39.Bxh5 Nf5 40.Bg4 Nxg3 41.h5  1-0

[Event "Holger Blomstrand's op"]
[Site "Goeteborg"]
[Date "1997.08.09"]
[Round "1"]
[White "Ask, Josef"]
[Black "Hiebel, Johannes"]
[Result "0-1"]
[WhiteElo "2020"]
[BlackElo "2300"]

1.e4 e6 2.d4 d5 3.Nc3 Nf6 4.e5 Nfd7 5.Nce2 c5 6.c3 Nc6 7.a3 Qb6 8.Nf3 Be7
9.Nf4 cxd4 10.cxd4 g5 11.Nh5 g4 12.Ng7+ Kf8 13.Bh6 Kg8 14.Nh5 f5 15.Nf4 Kf7
16.b4 gxf3 17.Qxf3 Nf8 18.Qh5+ Ng6 19.Rd1 Bd7 20.g4 Nxd4 21.Bd3 Nf3+ 22.Kf1 Bh4
23.Nh3 Nxe5 24.gxf5 exf5 25.Kg2 d4 26.Rhe1 Qc6+ 27.f3 Bxe1  0-1

[Event "FRA-ch"]
[Site "Narbonne"]
[Date "1997.08.25"]
[Round "10"]
[White "Chabanon, Jean Luc"]
[Black "Lepelletier, Benoit"]
[Result "0-1"]
[WhiteElo "2455"]
[BlackElo "2480"]

1.d4 e6 2.e4 d5 3.Nc3 Nf6 4.e5 Ne4 5.Nxe4 dxe4 6.Be3 c5 7.Bb5+ Bd7 8.Bxd7+ Nxd7
9.Ne2 cxd4 10.Qxd4 Qa5+ 11.Nc3 Bc5 12.Qxe4 Bxe3 13.fxe3 Qxe5 14.O-O-O Qxe4
15.Nxe4 Ke7 16.Nd6 Nc5 17.b4 Na4 18.Rhf1 f6 19.Rd3 a5 20.Rf4 axb4 21.Rc4 Rhd8
22.Rc7+ Kf8 23.Nxb7 Rxd3 24.cxd3 Kg8 25.e4 Nc3 26.Nc5 Rxa2 27.Nxe6 Rxg2 28.h4 h5
29.Rb7 Kh7 30.Nf8+ Kh6 31.e5 Rf2 32.e6 Re2 33.Rb8 Na2+ 34.Kd1 Nc3+ 35.Kc1 g5
36.Rxb4 Na2+ 37.Kd1 Nc3+ 38.Kc1 Kg7 39.Nd7 Na2+ 40.Kd1 Nc3+ 41.Kc1 g4 42.Rf4 Na2+
43.Kd1 Nc3+ 44.Kc1 Rxe6 45.Kd2 Nd5 46.Rf5 Ne3 47.Rxf6 Rxf6 48.Nxf6 Nc4+  0-1

[Event "Budapest FS09 IM"]
[Site "Budapest"]
[Date "1997.09.08"]
[Round "3"]
[White "Demkovich, Anatoliy"]
[Black "Lehmann, Zoltan"]
[Result "0-1"]
[WhiteElo "2390"]
[BlackElo "2275"]

1.e4 e6 2.d4 d5 3.Nc3 Nf6 4.e5 Nfd7 5.Nf3 c5 6.dxc5 Nc6 7.Bf4 Bxc5 8.Bd3 a6
9.O-O f5 10.exf6 Nxf6 11.Ne5 O-O 12.Qe2 Nd4 13.Qd2 Nf5 14.Rae1 Nd6 15.Kh1 b5
16.f3 Nc4 17.Bxc4 bxc4 18.Na4 Bd6 19.Qd4 Qc7 20.Bd2 Nd7 21.Ng4 Nc5 22.Nc3 Bb7
23.b4 cxb3 24.cxb3 Rae8 25.f4 Nd7 26.Na4 e5 27.fxe5 Nxe5 28.Rxf8+ Rxf8 29.Bb4 Bxb4
30.Qxb4 Nd3  0-1

[Event "Budapest FS09 IM"]
[Site "Budapest"]
[Date "1997.09.11"]
[Round "6"]
[White "Farago, Sandor"]
[Black "Blauert, Joerg"]
[Result "0-1"]
[WhiteElo "2330"]
[BlackElo "2385"]

1.e4 e6 2.d4 d5 3.Nc3 Nf6 4.e5 Nfd7 5.Nf3 c5 6.Ne2 Nc6 7.c3 Qb6 8.a3 Be7
9.g3 f6 10.exf6 Bxf6 11.Bg2 cxd4 12.cxd4 O-O 13.O-O a5 14.Rb1 a4 15.Be3 Qd8
16.Nf4 Nb6 17.Re1 Nc4 18.Bc1 Re8 19.h4 b5 20.g4 Qd6 21.Nxd5 Qxd5 22.Ne5 Qd6
23.Bxc6 Bxe5 24.Bxa8 Bxd4 25.Kg2 Qc5 26.Qe2 e5 27.f3 Bxg4 28.Be4 Bc8 29.Qd3 h6
30.b3 Qe7 31.Rh1 Nd6 32.Bh7+ Kh8 33.Bb2 Qf6 34.Bxd4 exd4 35.Rbe1 Rf8 36.Be4 Nxe4
37.Qxe4 axb3 38.Rd1 Bd7 39.Rhf1 Bc6 40.Qg4 b2 41.Qxd4 Qxd4 42.Rxd4 Rxf3 43.Rb4 Rb3+  0-1

[Event "Budapest FS09 IM"]
[Site "Budapest"]
[Date "1997.09.15"]
[Round "10"]
[White "Grabics, Monika"]
[Black "Blauert, Joerg"]
[Result "0-1"]
[WhiteElo "2330"]
[BlackElo "2385"]

1.e4 e6 2.d4 d5 3.Nc3 Nf6 4.e5 Nfd7 5.f4 c5 6.Nf3 Nc6 7.Be3 cxd4 8.Nxd4 Qb6
9.Qd2 Qxb2 10.Rb1 Qa3 11.Bb5 Nxd4 12.Bxd4 Bb4 13.Rb3 Qa5 14.O-O a6 15.Rfb1 Be7
16.Bxd7+ Bxd7 17.Rxb7 Rc8 18.Kh1 Bc5 19.Bxc5 Rxc5 20.R1b4 O-O 21.Qd4 Bc8
22.Rb8 Rc7 23.h3 Qa3 24.Rb3 Qc1+ 25.Qd1 Qxf4 26.Qh5 d4 27.Ne2 Qf1+ 28.Kh2 Rxc2
29.Rb2 d3 30.Rxc2 dxc2 31.Qf3 c1=Q 32.Nxc1 Qxc1 33.Rb4 Qc5 34.Qf4 a5 35.Rc4 Qd5
36.Rc3 Bb7 37.Rg3 Qe4 38.Qf6 g6 39.h4 Qf5 40.Qe7 Bd5 41.Rg5 Qf4+  0-1

[Event "Budapest FS09 IM"]
[Site "Budapest"]
[Date "1997.09.17"]
[Round "12"]
[White "Demidenko, Sergey"]
[Black "Blauert, Joerg"]
[Result "0-1"]
[WhiteElo "2260"]
[BlackElo "2385"]

1.e4 e6 2.d4 d5 3.Nc3 Nf6 4.e5 Nfd7 5.Nf3 c5 6.dxc5 Nc6 7.Bf4 Bxc5 8.Bd3 f6
9.exf6 Nxf6 10.O-O O-O 11.Ne5 Bd7 12.Qe2 Qe7 13.Rae1 Rae8 14.a3 a6 15.Bg5 Nxe5
16.Qxe5 Bc6 17.Kh1 Bd6 18.Qe2 e5 19.f3 Qf7 20.Qf2 h6 21.Bc1 e4 22.fxe4 Qh5
23.Qg1 dxe4 24.Bc4+ Kh7 25.Be2 Qh4 26.Be3 Nh5 27.Bxh5 Qxh5 28.Rxf8 Rxf8 29.Ne2 Bd7
30.Nd4 Qe5 31.c3 h5 32.Ne2 h4 33.Rd1 Bg4 34.Re1 Bxe2 35.Rxe2 Rf1  0-1

[Event "RUS-ch (Women)"]
[Site "Elista"]
[Date "1997.09.23"]
[Round "5"]
[White "Lopatskaya, Elena P"]
[Black "Grabuzova, Tatiana"]
[Result "1/2-1/2"]
[WhiteElo "2255"]
[BlackElo "2310"]

1.e4 e6 2.d4 d5 3.Nc3 Nf6 4.e5 Nfd7 5.f4 c5 6.Nf3 Nc6 7.Be3 a6 8.Qd2 b5 9.dxc5 Bxc5
10.Bxc5 Nxc5 11.Qf2 Qb6 12.Bd3 b4 13.Ne2 a5 14.O-O Ba6 15.Rfd1 Ne7 16.Ned4 h6
17.Qe3 O-O 18.Kh1 Bb7 19.f5 exf5 20.Nxf5 Nxf5 21.Bxf5 Na4 22.Rd4 Nxb2 23.e6 Nc4
24.Qe1 fxe6 25.Bxe6+ Kh8 26.Bxd5 Rae8 27.Re4 Rxe4 28.Qxe4 Bxd5 29.Qxd5 Ne3
30.Qe4 Nf5 31.Ne5 Qf6 32.Re1 Nh4 33.Rg1 Re8 34.Re1 Rf8 35.Rg1 Re8  1/2-1/2

[Event "RUS-ch (Women)"]
[Site "Elista"]
[Date "1997.09.29"]
[Round "11"]
[White "Shadrina, Tatiana"]
[Black "Saunina, Ludmila"]
[Result "1-0"]
[WhiteElo "2280"]
[BlackElo "2260"]

1.e4 e6 2.d4 d5 3.Nc3 Nf6 4.e5 Nfd7 5.f4 c5 6.Nf3 Nc6 7.dxc5 Bxc5 8.Bd3 a6
9.Qe2 Qc7 10.Bd2 f5 11.g4 Nb6 12.gxf5 exf5 13.Nd1 Be6 14.Ne3 g6 15.O-O-O O-O-O
16.Kb1 Kb8 17.c3 d4 18.cxd4 Nxd4 19.Nxd4 Bxd4 20.Rc1 Qd7 21.Nc4 Nxc4 22.Bxc4 Bxc4
23.Rxc4 Bxb2 24.Bb4 Qd5 25.Re1 Bd4 26.Bd6+ Ka8 27.Qc2 Rhe8 28.Rd1 Rxd6 29.exd6 Re4
30.Qa4 Qxd6 31.Rdxd4 Qb6+ 32.Qb4 Re1+ 33.Rc1 Rxc1+ 34.Kxc1 Qc6+ 35.Qc4 Qe8
36.Kc2 h6 37.Qd5 Qe3 38.Qe5 Qf2+ 39.Rd2 Qb6 40.Qh8+ Ka7 41.Qd4  1-0

[Event "Bahn-chT S+W"]
[Site "Friedrichroda"]
[Date "1997.10.28"]
[Round "4.2"]
[White "Mueller, Klaus Uwe"]
[Black "Ilgner, Andreas"]
[Result "1/2-1/2"]
[WhiteElo "2228"]
[BlackElo "2074"]

1.e4 e6 2.d4 d5 3.Nc3 Nf6 4.e5 Nfd7 5.f4 c5 6.Nf3 Nc6 7.Be3 cxd4 8.Nxd4 Bc5
9.Qd2 Bxd4 10.Bxd4 Nxd4 11.Qxd4 Qb6 12.O-O-O Qxd4 13.Rxd4 a6 14.Be2 h5 15.h4 Nb8
16.Bf3 Nc6 17.Rd2 Bd7 18.Ne2 Rc8 19.Nd4 g6 20.b3 Ke7 21.Kb2 Rc7 22.Nxc6+ Bxc6
23.Re1 Rd8 24.Rd4 Rcd7 25.Re3 Rc8 26.Rc3 Rdc7 27.g3 Kd7 28.a4 Ke7 29.Be2 Bd7
30.Rxc7 Rxc7 31.Bd3 Bc6 32.Ka3 a5 33.Kb2 Rc8 34.Be2 Rd8 35.Kc3 Kd7 36.Rd1 Kc7
37.Kd4 Kb6 38.Rh1 Kc7 39.g4 hxg4 40.Bxg4 Rh8 41.h5 gxh5 42.Rxh5 Rg8 43.Rg5 Rxg5
44.fxg5 Bd7 45.c3 b6 46.Be2 Bc6 47.Ke3 Kd8 48.Bd1 Bd7 49.Kd4 Kc7 50.Bh5 Be8
51.Ke3 Kd8 52.Kd3 Kc7 53.Kd4 Kb7 54.b4 Kb8  1/2-1/2

[Event "RUS-Cup01 Chigorin mem"]
[Site "St Petersburg"]
[Date "1997.11.02"]
[Round "2"]
[White "Socko, Bartosz"]
[Black "Kashtanov, Ruslan"]
[Result "1/2-1/2"]
[WhiteElo "2435"]
[BlackElo "2250"]

1.e4 e6 2.d4 d5 3.Nc3 Nf6 4.e5 Nfd7 5.f4 c5 6.Nf3 Nc6 7.Be3 a6 8.Qd2 b5 9.g3 cxd4
10.Nxd4 Nxd4 11.Bxd4 b4 12.Ne2 Nc5 13.Bg2 Ne4 14.Qe3 Bb7 15.O-O Be7 16.Rfd1 O-O
17.c4 bxc3 18.Nxc3 Nxc3 19.bxc3 Qd7 20.Rab1 Bc6 21.Rb2 Rab8 22.Rf2 Rfe8 23.g4 Ba4
24.Ra1 Bh4 25.Rd2 Be7 26.Rf2 Bh4 27.Rd2 Be7 28.Qf2 Rb7 29.Rf1 Bb5 30.Re1 Bc4
31.Bf1 Bxf1 32.Rxf1 Reb8 33.f5 Rb1  1/2-1/2

[Event "RUS-Cup01 Chigorin mem"]
[Site "St Petersburg"]
[Date "1997.11.05"]
[Round "5"]
[White "Fedorov, Alexei"]
[Black "Volkov, Sergey"]
[Result "1/2-1/2"]
[WhiteElo "2600"]
[BlackElo "2535"]

1.e4 e6 2.d4 d5 3.Nc3 Nf6 4.e5 Nfd7 5.f4 c5 6.Nf3 Nc6 7.Be3 cxd4 8.Nxd4 Qb6
9.Qd2 Qxb2 10.Rb1 Qa3 11.Bb5 Ndb8 12.Bxc6+ bxc6 13.O-O a6 14.Rb3 Qa5 15.Rxb8 Rxb8
16.Nxc6 Qc7 17.Nxb8 Qxb8 18.f5 Qxe5 19.Bd4 Qc7 20.Qe3 Qc4 21.Ne2 h5 22.Nf4 Rh6
23.c3 h4 24.h3 a5 25.a4 Ba6 26.Re1 Bc8 27.Rf1 Ba6 28.Rb1 Bc8 29.Qe5 Rf6 30.Re1 Be7
31.fxe6 fxe6 32.Qh5+ Kd7 33.Bxf6 Bxf6 34.Nxe6 Kd6 35.Nd4 Bd7 36.Qf3 Bxa4
37.Qf4+ Kd7 38.Qg4+ Kc7 39.Qf4+ Kd7 40.Rb1 Bc6 41.Qf5+ Kc7 42.Qf4+ Kd7 43.Rb8 Qxc3
44.Qf5+ Kd6 45.Qe6+ Kc7 46.Nb5+ Bxb5 47.Rc8+ Kb7 48.Rxc3 Bxc3 49.Qxd5+ Kb6
50.Qd8+ Kc5 51.Kf2 Kb4 52.Qxh4+ Bc4 53.Qe7+ Kb3 54.Qb7+ Ka2 55.Qc7  1/2-1/2

[Event "RUS-Cup01 Chigorin mem"]
[Site "St Petersburg"]
[Date "1997.11.05"]
[Round "5"]
[White "Shaposhnikov, Evgeny"]
[Black "Smikovski, I."]
[Result "1/2-1/2"]
[WhiteElo "2380"]
[BlackElo "2490"]

1.e4 e6 2.d4 d5 3.Nc3 Nf6 4.e5 Nfd7 5.f4 c5 6.Nf3 Nc6 7.Be3 a6 8.Qd2 b5 9.Bd3 b4
10.Nd1 c4 11.Be2 h5 12.O-O g6 13.Bf2 Be7 14.Ne3 Bb7 15.c3 Qa5 16.Bh4 bxc3
17.bxc3 Bxh4 18.Nxh4 Ne7 19.Nf3 Nb6 20.Rab1 Bc6 21.Ng5 Na4 22.Rb4 Qc7 23.Bd1 Nb6
24.Rf3 a5 25.Rb2 Na4 26.Bxa4 Bxa4 27.Rh3 Nc6 28.Ng4 O-O-O 29.Nf6 Qe7 30.Rf3 Kc7
31.Qc1 Na7 32.h3 Bc6 33.Rff2 Rb8 34.g4 hxg4 35.hxg4 Nb5 36.Rh2 Qa3 37.Rxh8 Rxh8
38.Rc2 Qf8 39.Rh2 Rxh2 40.Kxh2 a4 41.Kg3 Kb6 42.Nf3 Qa3  1/2-1/2

[Event "RUS-Cup01 Chigorin mem"]
[Site "St Petersburg"]
[Date "1997.11.06"]
[Round "6"]
[White "Kharitonov, Sergei"]
[Black "Vunder, A."]
[Result "0-1"]
[WhiteElo "2100"]
[BlackElo "2315"]

1.e4 e6 2.d4 d5 3.Nc3 Nf6 4.e5 Nfd7 5.f4 c5 6.Nf3 Nc6 7.Be3 a6 8.Qd2 b5 9.Qf2 Qa5
10.Bd2 b4 11.Ne2 Qb6 12.Be3 a5 13.dxc5 Bxc5 14.Bxc5 Nxc5 15.Ned4 Ne4 16.Qe3 Ba6
17.Bd3 Nxd4 18.Nxd4 O-O 19.O-O a4 20.Rad1 a3 21.bxa3 Nc3 22.Rde1 Bxd3 23.cxd3 Rxa3
24.Nc2 Qxe3+ 25.Rxe3 Ra4 26.d4 Nxa2 27.Ra1 Rfa8 28.Rb3 Kf8 29.Rab1 Nc3 30.R1b2 Ne2+
31.Kf2 Nc1  0-1

[Event "RUS-Cup01 Chigorin mem"]
[Site "St Petersburg"]
[Date "1997.11.07"]
[Round "7"]
[White "Zakharov, Alexander S"]
[Black "Kashtanov, Ruslan"]
[Result "0-1"]
[WhiteElo "2360"]
[BlackElo "2250"]

1.e4 e6 2.d4 d5 3.Nc3 Nf6 4.e5 Nfd7 5.Nf3 c5 6.dxc5 Nc6 7.Bf4 Bxc5 8.Bd3 f6
9.exf6 Nxf6 10.Qe2 O-O 11.O-O-O a6 12.Ne5 Bd6 13.Bg3 Qc7 14.Ng4 Bd7 15.Kb1 b5
16.Bf5 Rae8 17.Nxf6+ Rxf6 18.Bxd6 Qxd6 19.Bg4 Rff8 20.g3 b4 21.Ne4 Qe7 22.Nd2 e5
23.Bxd7 Qxd7 24.Nb3 d4 25.Qc4+ Qe6 26.Qxe6+ Rxe6 27.Nc5 Re7 28.Ne4 Kf7 29.Rhe1 Ke6
30.Rd2 h6 31.h4 a5 32.Kc1 Kf5 33.Rd3 Kg4 34.Kd2 a4 35.Ke2 Ra8 36.Kf1 Rea7
37.Nd6 a3 38.Re4+ Kh5 39.b3 Rd7 40.Nc4 Re8 41.f4 Rf8 42.Rxe5+ Nxe5 43.Nxe5 Rc7
44.Kg2 Rxc2+ 45.Kh3 Rxf4 46.gxf4 Rxa2 47.Rxd4 Ra1 48.Rd2 Rb1 49.Nf3 Rxb3
50.Kg3 Rxf3+ 51.Kxf3 b3 52.Rd5+ Kxh4 53.Rd2 Kh5  0-1

[Event "Bayern-chI Bank Hofmann"]
[Site "Bad Wiessee"]
[Date "1997.11.17"]
[Round "3"]
[White "Huebner, Robert"]
[Black "Zach, Andreas"]
[Result "1-0"]
[WhiteElo "2580"]
[BlackElo "2310"]

1.e4 e6 2.d4 d5 3.Nc3 Nf6 4.e5 Ne4 5.Nxe4 dxe4 6.Bc4 Bd7 7.Be3 c5 8.d5 Qb6
9.c3 exd5 10.Qxd5 Be6 11.Qxe4 Qxb2 12.Rc1 Nc6 13.Bxe6 fxe6 14.Qc4 O-O-O 15.Qxe6+ Kb8
16.Nf3 Bd6 17.O-O Rhe8 18.Qf7 Re7 19.Qh5  1-0

[Event "Bayern-chI Bank Hofmann"]
[Site "Bad Wiessee"]
[Date "1997.11.18"]
[Round "4"]
[White "Meyer, Hartmut"]
[Black "Wornath, Kai"]
[Result "0-1"]
[WhiteElo "2160"]
[BlackElo "2230"]

1.e4 e6 2.d4 d5 3.Nc3 Nf6 4.e5 Nfd7 5.f4 c5 6.Nf3 Nc6 7.Be3 Qb6 8.Qd2 Qxb2
9.Rb1 Qa3 10.Rb3 Qa5 11.Rb5 Qd8 12.dxc5 a6 13.Rb1 Bxc5 14.Nd4 O-O 15.Be2 Nxd4
16.Bxd4 Bxd4 17.Qxd4 b5 18.a4 bxa4 19.O-O Qc7 20.Nxa4 Rb8 21.c4 dxc4 22.Bxc4 Rd8
23.Rbd1 Bb7 24.Be2 Nf6 25.Qc5 Qxc5+ 26.Nxc5 Nd5 27.Nxb7 Rxb7 28.Bxa6 Rb2
29.Rf2 Rdb8 30.g3 Rxf2 31.Kxf2 Rb2+ 32.Kf3 g5 33.fxg5 Rxh2 34.Bb7 Ne7 35.Be4 Kg7
36.Kg4 Ng6 37.Bxg6 Kxg6 38.Rf1 Re2 39.Rf6+ Kg7 40.Kf4 Rf2+ 41.Ke4 Rxf6 42.gxf6+ Kg6
43.Kf4 h5 44.Ke4 Kg5 45.Ke3 Kg4 46.Kd4 Kf5  0-1

[Event "Bayern-chI Bank Hofmann"]
[Site "Bad Wiessee"]
[Date "1997.11.20"]
[Round "6"]
[White "Enders, Peter"]
[Black "Wornath, Kai"]
[Result "1/2-1/2"]
[WhiteElo "2535"]
[BlackElo "2230"]

1.e4 e6 2.d4 d5 3.Nc3 Nf6 4.e5 Nfd7 5.f4 c5 6.Nf3 Nc6 7.Be3 Qc7 8.Na4 Qa5+
9.c3 b6 10.Kf2 Ba6 11.Bxa6 Qxa6 12.Re1 Be7 13.dxc5 bxc5 14.b3 O-O 15.Kg1 f6
16.exf6 Rxf6 17.Qe2 Qxe2 18.Rxe2 Rc8 19.Rd1 Bd6 20.g3 h6 21.Kg2 Ne7 22.c4 Nb6
23.Nc3 Bb8 24.Bf2 d4 25.Ne4 Rff8 26.Ne1 Ng6 27.Nd3 Nd7 28.b4 cxb4 29.Nxb4 Rxc4
30.Rxd4 Rxd4 31.Bxd4 e5 32.fxe5 Ngxe5 33.Re1 a5 34.Nc6 Nxc6  1/2-1/2

[Event "Bayern-chI Bank Hofmann"]
[Site "Bad Wiessee"]
[Date "1997.11.22"]
[Round "8"]
[White "Klimpel, Thomas"]
[Black "Schaefer, Juergen"]
[Result "1-0"]
[WhiteElo "2140"]
[BlackElo "2125"]

1.e4 e6 2.d4 d5 3.Nc3 Nf6 4.e5 Ne4 5.Nxe4 dxe4 6.Be3 c5 7.dxc5 Nd7 8.Qg4 Nxc5
9.Bxc5 Bxc5 10.Qxg7 Rf8 11.Bb5+ Bd7 12.O-O-O Bxb5 13.Rxd8+ Rxd8 14.Nh3 e3
15.fxe3 Bxe3+ 16.Kb1 Bc6 17.Qg3 Bc5 18.Ng5 Rg8 19.Qf4 Rg7 20.Qf6 Bf8 21.Rf1 Rd7
22.Nxe6 Rxg2 23.Nxf8 Kxf8 24.e6 Re7 25.Qh8+ Rg8 26.Qxh7 Rg7 27.Qh8+ Rg8 28.Qh6+ Rg7
29.Rg1 fxe6 30.Qh8+  1-0

[Event "Viking op"]
[Site "Aaland-Stockholm"]
[Date "1997.??.??"]
[Round "?"]
[White "Sax, Gyula"]
[Black "Bagirov, Vladimir"]
[Result "1-0"]
[WhiteElo "2570"]
[BlackElo "2495"]

1.e4 e6 2.d4 d5 3.Nc3 Nf6 4.e5 Nfd7 5.f4 c5 6.Nf3 a6 7.Ne2 cxd4 8.Nexd4 Nc6
9.c3 Nc5 10.Be3 Bd7 11.Nb3 b6 12.Nbd2 f5 13.b4 Ne4 14.Nxe4 fxe4 15.Nd4 Qc7
16.Rc1 Nxd4 17.Qxd4 b5 18.Be2 Be7 19.O-O O-O 20.g4 Qc6 21.a4 Qb7 22.a5 Qc6
23.Qd2 Rf7 24.Bd4 Raf8 25.Qe3 Qc8 26.Qg3 g5 27.Be3 Qd8 28.Bb6 gxf4 29.Rxf4 Qb8
30.Rxf7 Rxf7 31.Be3 Bf8 32.h4 Bg7 33.Bd4 Qf8 34.Bb6 Qb8 35.Bd4 Qf8 36.Rf1 Rxf1+
37.Bxf1 Qf7 38.Bh3 Qg6 39.g5 h6 40.Kh2 hxg5 41.hxg5 Qh5 42.Qg4 Qh8 43.Qf4 Qh5
44.Qg3 Qg6 45.Bc5 Qe8 46.Bg4 Qb8 47.Bd6 Qc8 48.Qe3 Kh7 49.Qf4 Kg6 50.Bh3 Bh8
51.Bf8 Bg7 52.Bxg7 Kxg7  1-0

[Event "Skolernes Skakklub op"]
[Site "Aarhus"]
[Date "1997.??.??"]
[Round "6"]
[White "Kveinys, Aloyzas"]
[Black "Guindy, Esmat"]
[Result "1-0"]
[WhiteElo "2545"]
[BlackElo "2145"]

1.e4 e6 2.d4 d5 3.Nc3 Nf6 4.e5 Nfd7 5.f4 c5 6.Nf3 Nc6 7.Be3 a6 8.Qd2 b5 9.dxc5 Bxc5
10.Bxc5 Nxc5 11.Qf2 Qb6 12.Bd3 Rb8 13.O-O b4 14.Ne2 Nxd3 15.cxd3 Qxf2+ 16.Kxf2 a5
17.Rfc1 Kd7 18.Ned4 Bb7 19.Nxc6 Bxc6 20.Nd4 Rhc8 21.Rc5 Ra8 22.Rac1 Bb7 23.Ke3 f6
24.Rxc8 Bxc8 25.g3 Bb7 26.Rc5 Ra6 27.Rb5 Kc7 28.Nb3 a4 29.Rxb7+ Kxb7 30.Nc5+ Ka7
31.Nxa6 Kxa6 32.Kd4 Kb6 33.exf6 gxf6 34.f5 e5+ 35.Kxd5  1-0

[Event "Skolernes Skakklub op"]
[Site "Aarhus"]
[Date "1997.??.??"]
[Round "9"]
[White "Sobjerg, Erik"]
[Black "Guindy, Esmat"]
[Result "1/2-1/2"]
[WhiteElo "2260"]
[BlackElo "2145"]

1.e4 e6 2.d4 d5 3.Nc3 Nf6 4.e5 Nfd7 5.f4 c5 6.Nf3 Nc6 7.Be3 a6 8.Qd2 b5 9.dxc5 Bxc5
10.Bxc5 Nxc5 11.Qf2 Qb6 12.Bd3 b4 13.Ne2 a5 14.O-O Ba6 15.Kh1 O-O 16.b3 Bxd3
17.cxd3 Qb5 18.Rad1 Nxd3 19.Qe3 Nc5 20.f5 f6 21.Rc1 Nd7 22.exf6 Rxf6 23.Nfd4 Nxd4
24.Nxd4 Qa6 25.Nxe6 Re8 26.Qg1 Qd6 27.Qd4 Nf8 28.Nc7 Re5 29.Nb5 Qb8 30.Nc7 Rexf5
31.Rxf5 Rxf5 32.g4 Rf7 33.Qxd5 Qb6 34.Nb5 Qe6 35.Qxe6 Nxe6 36.Nd6 Rf2 37.Rc8+ Nf8
38.Nc4 Rxa2 39.Ra8 Kf7 40.Rxa5 Rxa5 41.Nxa5 Nd7 42.Nc6  1/2-1/2

[Event "GER-ch U20 Girls"]
[Site "Apolda"]
[Date "1997.??.??"]
[Round "7"]
[White "Ludwig, Kristin"]
[Black "Strehle, Isabel"]
[Result "1/2-1/2"]
[WhiteElo "2045"]
[BlackElo "2220"]

1.e4 e6 2.d4 d5 3.Nc3 Nf6 4.e5 Nfd7 5.f4 c5 6.Nf3 Nc6 7.Be3 cxd4 8.Nxd4 Bc5
9.Qd2 O-O 10.O-O-O a6 11.h4 Nxd4 12.Bxd4 b5 13.Rh3 Bb7 14.Kb1 b4 15.Na4 Bxd4
16.Qxd4 Qa5 17.b3 Bc6 18.Nb2 Rfc8 19.Nd3 Rab8 20.Rg3 Bb5 21.Rc1 Bxd3 22.Bxd3 Qc5
23.Qxc5 Nxc5 24.c3 bxc3 25.Rxc3 Nxd3 26.Rgxd3 Kf8 27.Kc2 Ke8 28.Rxc8+ Rxc8+
29.Rc3 Kd7 30.Rxc8 Kxc8 31.b4 Kc7 32.a4 Kb6 33.Kd3 h5 34.Kd4 g6 35.g3 Kb7
36.Kc5 Kc7 37.Kd4  1/2-1/2

[Event "EU-ch Rapid"]
[Site "Athens"]
[Date "1997.??.??"]
[Round "10"]
[White "David, Alberto"]
[Black "Vaisser, Anatoli"]
[Result "0-1"]
[WhiteElo "2460"]
[BlackElo "2575"]

1.e4 e6 2.d4 d5 3.Nc3 Nf6 4.e5 Nfd7 5.f4 c5 6.Nf3 Nc6 7.Be3 a6 8.Qd2 b5 9.Be2 Qb6
10.Nd1 cxd4 11.Nxd4 Bc5 12.c3 b4 13.Nxc6 Qxc6 14.cxb4 Bxe3 15.Qxe3 Rb8 16.a3 d4
17.Qf2 Bb7 18.O-O O-O 19.Bf3 Qb6 20.Bxb7 Rxb7 21.Qf3 f6 22.exf6 Nxf6 23.Nf2 Nd5
24.Nd3 Ne3 25.Rf2 Rc7 26.Qe4 Qd6 27.Re1 Rf6 28.Rd2 Nf5 29.Nc5 Rc6 30.g4 Rg6
31.h3 h5 32.Rg2 hxg4 33.hxg4 Nh4 34.Rg3 Nf5  0-1

[Event "Wch Seniors"]
[Site "Bad Wildbad"]
[Date "1997.??.??"]
[Round "8"]
[White "Erbs, Wolfgang"]
[Black "Geissler, Roland"]
[Result "1-0"]
[WhiteElo "1739"]
[BlackElo "1602"]

1.e4 e6 2.d4 d5 3.Nc3 Nf6 4.e5 Nfd7 5.f4 c5 6.Nf3 Nc6 7.Be3 a6 8.a3 b5 9.Be2 Qb6
10.dxc5 Bxc5 11.Bxc5 Qxc5 12.Qd2 Nb6 13.b4 Qe7 14.O-O Bb7 15.Bd3 h6 16.Qf2 Nc4
17.Ne2 f5 18.exf6 Qxf6 19.Bxc4 dxc4 20.Qb6 Qe7 21.Ned4 Nxd4 22.Nxd4 O-O 23.Rae1 Bd5
24.Nxe6 Rf6 25.f5 Bxe6 26.Rxe6 Rxe6 27.fxe6 Qa7 28.Qxa7 Rxa7 29.Rd1 Re7 30.Rd8+ Kh7
31.Rd6 Kg6 32.Rxa6 Kf6 33.Kf2 Ke5 34.Ke3 Kd5 35.Rb6  1-0

[Event "Regionalliga SO9697"]
[Site "Bayern"]
[Date "1997.??.??"]
[Round "?"]
[White "Singer, Christoph"]
[Black "Kretschel, Klaus"]
[Result "1-0"]
[WhiteElo "2245"]
[BlackElo "2100"]

1.e4 e6 2.d4 d5 3.Nc3 Nf6 4.e5 Ne4 5.Nce2 f6 6.f3 Ng5 7.h4 Nf7 8.f4 c5 9.c3 Bd7
10.Nf3 Qb6 11.exf6 gxf6 12.f5 cxd4 13.fxe6 Bxe6 14.Nexd4 Bg4 15.Qa4+ Bd7
16.Qc2 Bd6 17.Be3 Bg3+ 18.Bf2 Bxf2+ 19.Qxf2 Nc6 20.Qe2+ Nce5 21.O-O-O O-O-O
22.Qd2 Rhg8 23.Kb1 Rg4 24.Ka1 Rdg8 25.Nc2 Be6 26.Ne3 Rg3 27.Nd4 Nc4 28.Bxc4 dxc4
29.Rhf1 Bg4 30.Rde1 Ne5 31.Nd5 Qd8 32.Nxf6 Nd3 33.Nxg8 Nxe1 34.Qxe1 Rxg2
35.Ne7+ Kd7 36.Nd5  1-0